Como se hace un plan estratégico: la teoría del marketing estratégico

Պահպանված է:
Մատենագիտական մանրամասներ
Հիմնական հեղինակ: Abascal Rojas, Francisco (Հեղինակ)
Ձևաչափ: Գիրք
Լեզու:իսպաներեն
Հրապարակվել է: Madrid ESIC 2001
Հրատարակություն:3a. ed
Խորագրեր:
Ցուցիչներ: Ավելացրեք ցուցիչ
Չկան պիտակներ, Եղեք առաջինը, ով նշում է այս գրառումը!

MARC

LEADER 00000cam a2200000 a 4500
001 UCD5312
003 CL-VaPUC
008 160902e20010000sp |||||||||||||||||spa|d
020 |a 8473562674 
082 0 4 |a 658.8  |b ABA  |2 21 
100 0 |a Abascal Rojas, Francisco  |e author  |9 589092 
245 1 0 |a Como se hace un plan estratégico: la teoría del marketing estratégico 
250 |a 3a. ed 
300 |a 457 p 
942 |c BK 
945 |d 20160902 15:38:00  |a dcastane 
260 |a Madrid  |b ESIC  |c 2001 
650 0 |a Marketing estratégico  |9 358049 
650 0 |a Planificación estratégica   |9 259735 
583 |a last modification  |c 20160902 15:38:00  |k Rodrigo Vera 
999 |c 366030  |d 366028